[Event "DEM U10 2016"]
[Site "Willingen GER"]
[Date "2016.05.16"]
[Round "4"]
[White "Felten, Maximilian"]
[Black "Farokhi, Keyvan"]
[Result "1-0"]
[Termination "normal"]
[Board "11"]
[WhiteElo "1369"]
[BlackElo "1585"]
[PlyCount "155"]
[WhiteFideId "4004949"]
[BlackFideId "12998630"]
[EventCountry "GER"]
[EventRounds "11"]
[EventType "swiss"]
[EventDate "2016.05.14"]

1. e4 e5 2. Nf3 Nc6 3. Bb5 a6 4. Ba4 Nf6 5. O-O Be7 6. Re1 b5 7. Bb3 O-O 8. c3
d5 9. exd5 Nxd5 10. Nxe5 Nxe5 11. Rxe5 c6 12. d4 Bd6 13. Re1 Qh4 14. g3 Qh3 15.
Be3 Bg4 16. Qd3 Kh8 17. Qf1 Qh5 18. Bd1 Nxe3 19. fxe3 f5 20. Nd2 Rf6 21. Bxg4
fxg4 22. Qg2 Raf8 23. Rf1 Rxf1+ 24. Rxf1 Rxf1+ 25. Nxf1 Qe8 26. e4 c5 27. e5
Bb8 28. Qe4 cxd4 29. cxd4 h5 30. e6 Bd6 31. Ne3 g6 32. d5 Qc8 33. Qc2 Bc5 34.
Qd2 Qd8 35. Kf2 Qf6+ 36. Ke1 Qf3 37. Qc3+ Kh7 38. Qxc5 Qh1+ 39. Nf1 Qe4+ 40.
Qe3 Qb1+ 41. Kf2 Qxb2+ 42. Qe2 Qd4+ 43. Ne3 Qf6+ 44. Kg2 h4 45. Nxg4 Qd4 46.
Ne3 hxg3 47. hxg3 Qe4+ 48. Qf3 Qe5 49. Qf7+ Kh6 50. Qf4+ Qxf4 51. gxf4 Kg7 52.
Kf2 a5 53. Ke2 Kf6 54. Kd2 b4 55. Kc2 a4 56. Kb2 Ke7 57. Kc2 Kf6 58. Kd3 b3 59.
axb3 axb3 60. Kc3 b2 61. Kxb2 Ke7 62. Kc3 Kd6 63. Kd4 Ke7 64. Ke5 Ke8 65. Kf6
Kf8 66. d6 Ke8 67. d7+ Kd8 68. e7+ Kxd7 69. Kf7 Kd6 70. e8=Q g5 71. Qe5+ Kc6
72. fxg5 Kd7 73. Qe6+ Kc7 74. Kf6 Kb7 75. Qd6 Ka7 76. Qc6 Kb8 77. Qd7 Ka8 78.
g6 1-0

[Event "DEM U10 2016"]
[Site "Willingen GER"]
[Date "2016.05.16"]
[Round "4"]
[White "Gluma, Christian"]
[Black "Schwartz, Oliver"]
[Result "1/2-1/2"]
[Termination "normal"]
[Board "12"]
[WhiteElo "1468"]
[BlackElo "1440"]
[PlyCount "40"]
[WhiteFideId "16223209"]
[BlackFideId "16207459"]
[EventCountry "GER"]
[EventRounds "11"]
[EventType "swiss"]
[EventDate "2016.05.14"]

1. e4 c5 2. Nf3 Nc6 3. Bc4 g6 4. O-O Bg7 5. c3 Qb6 6. Qb3 Qxb3 7. Bxb3 d6 8. h3
Nf6 9. d3 O-O 10. Be3 Bd7 11. Nbd2 Rac8 12. Nh2 Rfd8 13. f4 Rc7 14. Rf3 Bc8 15.
g4 b6 16. Rg3 d5 17. f5 dxe4 18. dxe4 Rcd7 19. Rg2 Bb7 20. Rf2 Ne5 1/2-1/2

[Event "DEM U10 2016"]
[Site "Willingen GER"]
[Date "2016.05.16"]
[Round "4"]
[White "Nitsche, Nikolai"]
[Black "Strehse, Nelson"]
[Result "1/2-1/2"]
[Termination "normal"]
[Board "13"]
[WhiteElo "1371"]
[BlackElo "1354"]
[PlyCount "88"]
[WhiteFideId "16221036"]
[BlackFideId "16228898"]
[EventCountry "GER"]
[EventRounds "11"]
[EventType "swiss"]
[EventDate "2016.05.14"]

1. d4 d5 2. Bf4 Bf5 3. Nf3 e6 4. e3 c5 5. c3 Nc6 6. Bd3 Bxd3 7. Qxd3 Qb6 8. b3
Nf6 9. Nbd2 Be7 10. O-O O-O 11. dxc5 Bxc5 12. c4 dxc4 13. Nxc4 Qd8 14. Qxd8
Raxd8 15. Rad1 Rd5 16. Nfe5 Nxe5 17. Nxe5 Rfd8 18. Rc1 Bd6 19. Nf3 Bxf4 20.
exf4 Ne8 21. g3 R5d7 22. Rc2 Rc7 23. Rfc1 Rdc8 24. Rxc7 Rxc7 25. Rd1 Kf8 26.
Kf1 Ke7 27. Rd2 f6 28. Ke2 Rd7 29. Nd4 Nc7 30. Kf3 Nb5 31. Ke3 Rxd4 32. Rxd4
Nxd4 33. Kxd4 Kd6 34. Kc4 e5 35. fxe5+ Kxe5 36. f3 f5 37. b4 f4 38. g4 g5 39.
a4 Kd6 40. Kd4 b6 41. h3 a5 42. bxa5 bxa5 43. Kc4 Kc6 44. Kd4 Kd6 1/2-1/2

[Event "DEM U10 2016"]
[Site "Willingen GER"]
[Date "2016.05.16"]
[Round "4"]
[White "Feng, Felix"]
[Black "Hagner, Bennet"]
[Result "1/2-1/2"]
[Termination "normal"]
[Board "14"]
[WhiteElo "1100"]
[BlackElo "1370"]
[PlyCount "117"]
[WhiteFideId "16275179"]
[BlackFideId "16224477"]
[EventCountry "GER"]
[EventRounds "11"]
[EventType "swiss"]
[EventDate "2016.05.14"]

1. c4 d6 2. Nc3 Nf6 3. g3 g6 4. Bg2 Bg7 5. Rb1 c6 6. d3 Bf5 7. Bd2 Nbd7 8. a3
Qb6 9. Nf3 O-O 10. O-O Nc5 11. Qc1 Nxd3 12. exd3 Bxd3 13. Re1 Bxb1 14. Qxb1 Ng4
15. Be3 Nxe3 16. Rxe3 e6 17. b4 a5 18. Ne4 axb4 19. axb4 Ra1 20. Re1 Rxb1 21.
Rxb1 d5 22. c5 Qb5 23. Nd6 Qd3 24. Re1 Bc3 25. Rf1 Bxb4 26. Nxb7 Rb8 27. Nd6
Bxc5 28. Nxf7 Kxf7 29. Ne5+ Kg8 30. Nxd3 Bd6 31. Rc1 Rc8 32. Bh3 Kf7 33. Re1
Re8 34. f4 c5 35. Rc1 c4 36. Ne5+ Kf6 37. Nd7+ Ke7 38. Ne5 g5 39. Nc6+ Kd7 40.
Ne5+ Kc7 41. Nxc4 dxc4 42. Rxc4+ Kb6 43. fxg5 Be7 44. Re4 e5 45. Rxe5 Bc5+ 46.
Rxc5 Kxc5 47. Kf2 Rg8 48. Bf5 Rxg5 49. Bxh7 Rh5 50. Be4 Rxh2+ 51. Kf3 Kd4 52.
Bf5 Ke5 53. Kg4 Rh8 54. Bc2 Kf6 55. Kf4 Rb8 56. g4 Rb4+ 57. Be4 Rb5 58. Bd3 Rc5
59. Be4 1/2-1/2

[Event "DEM U10 2016"]
[Site "Willingen GER"]
[Date "2016.05.16"]
[Round "4"]
[White "Hänselmann, Hendrik"]
[Black "Chassard, Cedric"]
[Result "1-0"]
[Termination "normal"]
[Board "15"]
[WhiteElo "1000"]
[BlackElo "833"]
[PlyCount "113"]
[WhiteFideId "16232755"]
[BlackFideId "16243536"]
[EventCountry "GER"]
[EventRounds "11"]
[EventType "swiss"]
[EventDate "2016.05.14"]

1. d4 d5 2. c4 e6 3. Nc3 Bb4 4. e3 Nf6 5. Bd2 O-O 6. Nf3 b6 7. Qc2 c5 8. a3 Ba5
9. Bd3 Nc6 10. Ng5 g6 11. O-O Qc7 12. Qd1 e5 13. Nxd5 Nxd5 14. cxd5 Bxd2 15.
dxc6 Ba5 16. Qf3 exd4 17. exd4 Qd8 18. Qf4 Qd5 19. c7 c4 20. Bc2 b5 21. Rad1
Qc6 22. Be4 Qxc7 23. Qxc7 Bxc7 24. Bxa8 Bg4 25. Bf3 Bxf3 26. Nxf3 Re8 27. Rfe1
Rxe1+ 28. Rxe1 Kg7 29. Ne5 Kf6 30. Nc6 a6 31. d5 h5 32. Rd1 Kg7 33. d6 Bb6 34.
d7 Kf8 35. Kf1 Kg8 36. Ke2 a5 37. Kf3 b4 38. axb4 axb4 39. Nxb4 Kf8 40. Nc6 f5
41. d8=Q+ Bxd8 42. Rxd8+ Kf7 43. Rd4 c3 44. bxc3 Kf6 45. c4 g5 46. Rd6+ Kg7 47.
c5 Kf8 48. Nb4 Ke7 49. Na6 Kf7 50. c6 Ke7 51. Rd1 Kf6 52. c7 g4+ 53. Kf4 h4 54.
c8=Q h3 55. Qxf5+ Ke7 56. Rd7+ Ke8 57. Nc7# 1-0

[Event "DEM U10 2016"]
[Site "Willingen GER"]
[Date "2016.05.16"]
[Round "4"]
[White "Klonov, Jakov"]
[Black "Amato, Cristiano"]
[Result "1/2-1/2"]
[Termination "normal"]
[Board "16"]
[WhiteElo "1333"]
[BlackElo "1187"]
[PlyCount "104"]
[WhiteFideId "16211928"]
[BlackFideId "12998460"]
[EventCountry "GER"]
[EventRounds "11"]
[EventType "swiss"]
[EventDate "2016.05.14"]

1. e4 e5 2. Nf3 Nc6 3. Bc4 Bc5 4. c3 Nf6 5. d3 O-O 6. Nbd2 d5 7. exd5 Nxd5 8.
Bb3 Nf4 9. O-O Nxd3 10. Bc2 Bg4 11. Ne4 Nxc1 12. Nxc5 b6 13. Rxc1 Qxd1 14.
Rcxd1 bxc5 15. Be4 Rab8 16. Bxc6 Rb6 17. Ba4 e4 18. h3 Bh5 19. g4 Bxg4 20. hxg4
exf3 21. Bb3 Rg6 22. Kh2 Rxg4 23. Kh3 Rf4 24. Kg3 g5 25. Rh1 Kg7 26. Bc2 h6 27.
Rd7 Rc8 28. Re7 Rd8 29. Rd1 Rxd1 30. Bxd1 h5 31. Bxf3 h4+ 32. Kg2 Kf6 33. Re1
g4 34. Bc6 Kg5 35. Bd5 f6 36. Re4 Rxe4 37. Bxe4 f5 38. Bc6 f4 39. Kh2 f3 40.
Bb7 Kf4 41. Bc6 g3+ 42. fxg3+ hxg3+ 43. Kg1 g2 44. Kf2 g1=Q+ 45. Kxg1 Ke3 46.
Bxf3 Kxf3 47. Kf1 Ke3 48. Ke1 Kd3 49. Kd1 c4 50. Kc1 a5 51. Kd1 c6 52. Kc1 Ke2
1/2-1/2

[Event "DEM U10 2016"]
[Site "Willingen GER"]
[Date "2016.05.16"]
[Round "4"]
[White "May, Ben-Iven"]
[Black "Langer, Paul Georg"]
[Result "1-0"]
[Termination "normal"]
[Board "17"]
[WhiteElo "1330"]
[BlackElo "1170"]
[PlyCount "77"]
[WhiteFideId "16229673"]
[BlackFideId "16230051"]
[EventCountry "GER"]
[EventRounds "11"]
[EventType "swiss"]
[EventDate "2016.05.14"]

1. e4 e5 2. Nf3 Nc6 3. Bc4 Bc5 4. c3 Nf6 5. d4 exd4 6. cxd4 Bb4+ 7. Bd2 Nxe4 8.
Bxb4 Nxb4 9. Bxf7+ Kxf7 10. Qb3+ d5 11. Ne5+ Kf6 12. Qxb4 g6 13. O-O Rf8 14. f3
Nd6 15. Nc3 c6 16. Rfe1 Kg7 17. Re2 Nf5 18. Rae1 Qb6 19. Qxb6 axb6 20. Rd2 Re8
21. g4 Nd6 22. Rde2 Nf7 23. h4 Be6 24. Nxc6 bxc6 25. Rxe6 Rxe6 26. Rxe6 Rc8 27.
Kf2 Rc7 28. Na4 b5 29. Nc5 Ra7 30. a3 Rc7 31. Na6 Rc8 32. Nb4 c5 33. dxc5 Rxc5
34. Rc6 Rc4 35. Rxc4 dxc4 36. f4 Kf6 37. Nd5+ Kg7 38. Ke3 Nd8 39. Nc7 1-0

[Event "DEM U10 2016"]
[Site "Willingen GER"]
[Date "2016.05.16"]
[Round "4"]
[White "Amrhein, Dennis"]
[Black "Schlie, Johann"]
[Result "0-1"]
[Termination "normal"]
[Board "18"]
[WhiteElo "1132"]
[BlackElo "1244"]
[PlyCount "42"]
[WhiteFideId "16254570"]
[BlackFideId "16211596"]
[EventCountry "GER"]
[EventRounds "11"]
[EventType "swiss"]
[EventDate "2016.05.14"]

1. d4 d5 2. Bf4 c5 3. e3 Nc6 4. c4 e6 5. Nc3 a6 6. Nf3 Nf6 7. Be2 Be7 8. O-O
O-O 9. h3 Re8 10. a3 b6 11. b3 Bb7 12. Qd3 Qd7 13. Ng5 h6 14. Nf3 Rad8 15. Bd1
dxc4 16. bxc4 cxd4 17. Ne5 Nxe5 18. Bxe5 dxc3 19. Qxc3 Rc8 20. Bc2 Qc6 21. Bd3
Qxg2# 0-1

[Event "DEM U10 2016"]
[Site "Willingen GER"]
[Date "2016.05.16"]
[Round "4"]
[White "Lox, Nils Norman"]
[Black "Walter, Alexander"]
[Result "1-0"]
[Termination "normal"]
[Board "19"]
[WhiteElo "1480"]
[BlackElo "1128"]
[PlyCount "59"]
[WhiteFideId "16221389"]
[BlackFideId "16227620"]
[EventCountry "GER"]
[EventRounds "11"]
[EventType "swiss"]
[EventDate "2016.05.14"]

1. d4 Nf6 2. c4 g6 3. Nc3 Bg7 4. e4 d6 5. f3 O-O 6. Be3 Nbd7 7. Qd2 Re8 8.
O-O-O a5 9. g4 b6 10. Bh6 Bb7 11. Bxg7 Kxg7 12. h4 c5 13. d5 Qc7 14. Bd3 Ne5
15. Be2 Ba6 16. b3 Rab8 17. h5 Rf8 18. hxg6 fxg6 19. Qh6+ Kf7 20. Nh3 Ke8 21.
Ng5 Qd7 22. Rh3 Rh8 23. Ne6 Ra8 24. Rdh1 Rb8 25. g5 Nh5 26. Ng7+ Nxg7 27. Qxg7
Rf8 28. Rxh7 Nf7 29. Qxg6 Rc8 30. Rxf7 1-0

[Event "DEM U10 2016"]
[Site "Willingen GER"]
[Date "2016.05.16"]
[Round "4"]
[White "Frank, Marian"]
[Black "Neuber, Pascal"]
[Result "1/2-1/2"]
[Termination "normal"]
[Board "20"]
[WhiteElo "1101"]
[BlackElo "1309"]
[PlyCount "61"]
[WhiteFideId "16245059"]
[BlackFideId "16227611"]
[EventCountry "GER"]
[EventRounds "11"]
[EventType "swiss"]
[EventDate "2016.05.14"]

1. e4 c5 2. d4 cxd4 3. c3 dxc3 4. Nxc3 g6 5. Nf3 Bg7 6. Bd2 Nc6 7. Bc4 d6 8.
Qc2 Nf6 9. O-O O-O 10. Rfe1 Qc7 11. Rad1 Bd7 12. Nb5 Qc8 13. Qb3 a6 14. Nc3 b5
15. Bf1 b4 16. Na4 Be6 17. Qe3 Qb7 18. b3 Ng4 19. Qd3 Qa7 20. Be3 Nxe3 21. Rxe3
Ne5 22. Nxe5 Bxe5 23. Be2 Rfc8 24. Rf3 Qc7 25. h3 Qc2 26. Nb6 Rc3 27. Qxc2 Rxc2
28. Nxa8 Rxe2 29. Nc7 Bc8 30. Nd5 Rxe4 31. Nxe7+ 1/2-1/2

[Event "DEM U10 2016"]
[Site "Willingen GER"]
[Date "2016.05.16"]
[Round "4"]
[White "Sinnhöfer, Joshua"]
[Black "Müller, Linus"]
[Result "1-0"]
[Termination "normal"]
[Board "21"]
[WhiteElo "1308"]
[BlackElo "1077"]
[PlyCount "67"]
[WhiteFideId "16201361"]
[BlackFideId "16245946"]
[EventCountry "GER"]
[EventRounds "11"]
[EventType "swiss"]
[EventDate "2016.05.14"]

1. e4 c5 2. Nc3 Nc6 3. Nf3 g6 4. Be2 Bg7 5. O-O Nf6 6. d3 O-O 7. Bg5 Nd4 8. Qd2
Qb6 9. Rab1 d6 10. Nd1 Be6 11. b3 a5 12. Nb2 Nxf3+ 13. Bxf3 Qb4 14. a4 Nh5 15.
Qxb4 axb4 16. Bxe7 Rfc8 17. Bxd6 b6 18. e5 Ra5 19. Nc4 Bxc4 20. dxc4 Re8 21.
Rfe1 g5 22. Bxh5 Ra7 23. g3 Rd7 24. Rbd1 Bxe5 25. Bxe5 Rxe5 26. Rxe5 Rxd1+ 27.
Bxd1 h6 28. Rd5 Kg7 29. Rd6 f6 30. Bh5 b5 31. axb5 f5 32. b6 f4 33. b7 fxg3 34.
b8=Q 1-0

[Event "DEM U10 2016"]
[Site "Willingen GER"]
[Date "2016.05.16"]
[Round "4"]
[White "Müller, Maximilian"]
[Black "Lehmann, Nils"]
[Result "0-1"]
[Termination "normal"]
[Board "22"]
[WhiteElo "784"]
[BlackElo "1461"]
[PlyCount "56"]
[WhiteFideId "16243552"]
[BlackFideId "12982610"]
[EventCountry "GER"]
[EventRounds "11"]
[EventType "swiss"]
[EventDate "2016.05.14"]

1. e4 e5 2. Nf3 Nc6 3. Nc3 Nf6 4. Bc4 Bc5 5. d3 d6 6. Bg5 Bg4 7. O-O Nd4 8. Kh1
Nxf3 9. gxf3 Bh3 10. Rg1 h6 11. Bh4 g5 12. Rg3 Bd7 13. Bxg5 hxg5 14. Rxg5 c6
15. a3 b5 16. Ba2 a5 17. Qg1 Qb6 18. Rf1 Bh3 19. Nd1 Bxf1 20. Qxf1 Ke7 21. Rg7
Raf8 22. Qg2 Qd8 23. Qg6 Qe8 24. Be6 Kxe6 25. Qf5+ Ke7 26. Nc3 Qd7 27. Qg6 Qh3
28. Kg1 Qxh2+ 0-1

[Event "DEM U10 2016"]
[Site "Willingen GER"]
[Date "2016.05.16"]
[Round "4"]
[White "Theile, Cedric"]
[Black "Rapp, Leonard"]
[Result "1/2-1/2"]
[Termination "normal"]
[Board "23"]
[WhiteElo "1287"]
[BlackElo "1504"]
[PlyCount "47"]
[WhiteFideId "16283228"]
[BlackFideId "16212428"]
[EventCountry "GER"]
[EventRounds "11"]
[EventType "swiss"]
[EventDate "2016.05.14"]

1. Nf3 d5 2. c4 e6 3. b3 Nf6 4. d3 Nc6 5. Nbd2 Bd6 6. Bb2 e5 7. h3 Be6 8. Qc2
Qe7 9. e3 O-O-O 10. Be2 Rhe8 11. O-O Bf5 12. cxd5 Nxd5 13. e4 Ndb4 14. Qb1 Bg6
15. a3 Na6 16. b4 b5 17. Qc2 Nab8 18. Rfe1 a6 19. Rac1 f6 20. Qb1 Qd7 21. Qc2
Bf7 22. d4 exd4 23. Nxd4 Nxd4 24. Bxd4 1/2-1/2

[Event "DEM U10 2016"]
[Site "Willingen GER"]
[Date "2016.05.16"]
[Round "4"]
[White "Laube, Jannis"]
[Black "Sallandt, Frido"]
[Result "1/2-1/2"]
[Termination "normal"]
[Board "24"]
[WhiteElo "1495"]
[BlackElo "1080"]
[PlyCount "108"]
[WhiteFideId "16205995"]
[BlackFideId "16231767"]
[EventCountry "GER"]
[EventRounds "11"]
[EventType "swiss"]
[EventDate "2016.05.14"]

1. e4 e5 2. Nf3 Nc6 3. Nc3 Nf6 4. Bc4 Bc5 5. d3 d6 6. Nd5 h6 7. h3 Be6 8. Nxf6+
Qxf6 9. Bb3 Nd4 10. Be3 Nxf3+ 11. Qxf3 Qxf3 12. gxf3 Bxe3 13. fxe3 O-O-O 14.
Bxe6+ fxe6 15. O-O-O Rdf8 16. Rdf1 g5 17. h4 Rhg8 18. hxg5 hxg5 19. Rhg1 g4 20.
Kd2 gxf3 21. Rxg8 Rxg8 22. Rxf3 Kd7 23. d4 exd4 24. exd4 Rg4 25. Kd3 e5 26. d5
b5 27. b3 a5 28. c4 bxc4+ 29. bxc4 Kc8 30. Rf8+ Kb7 31. Kc3 Rxe4 32. Rf2 c6 33.
Rb2+ Kc7 34. dxc6 Kxc6 35. Rb5 a4 36. Ra5 a3 37. Rxa3 Re3+ 38. Kb4 Rxa3 39.
Kxa3 Kc5 40. Kb3 Kd4 41. a4 Kc5 42. Kc3 Kb6 43. Kb4 e4 44. Kc3 e3 45. Kd3 e2
46. Kxe2 Ka5 47. Kd3 Kxa4 48. Kc3 Ka5 49. Kd4 Kb6 50. Kd5 Kc7 51. Kd4 Kc6 52.
Ke4 Kc5 53. Kd3 d5 54. cxd5 Kxd5 1/2-1/2

[Event "DEM U10 2016"]
[Site "Willingen GER"]
[Date "2016.05.16"]
[Round "4"]
[White "Scharf, Christian"]
[Black "Böhm, Karl"]
[Result "1-0"]
[Termination "normal"]
[Board "25"]
[WhiteElo "999"]
[BlackElo "1260"]
[PlyCount "93"]
[WhiteFideId "16266110"]
[BlackFideId "16209800"]
[EventCountry "GER"]
[EventRounds "11"]
[EventType "swiss"]
[EventDate "2016.05.14"]

1. e4 e5 2. Nf3 Nc6 3. Bc4 d6 4. Nc3 Bg4 5. d3 Be7 6. Be3 Nf6 7. h3 Bh5 8. g4
Bg6 9. Qd2 Qd7 10. O-O-O O-O-O 11. Rdg1 h6 12. Rg2 Kb8 13. Rhg1 Rdg8 14. h4 h5
15. gxh5 Bxh5 16. Ng5 Bd8 17. Nd5 Nxd5 18. Bxd5 Rf8 19. f4 Ne7 20. Bc4 exf4 21.
Bxf4 d5 22. exd5 Nxd5 23. Ne4 Nxf4 24. Qxf4 Bg6 25. Rh1 Qc6 26. Rgh2 Bxe4 27.
Qxe4 Qxe4 28. dxe4 f5 29. exf5 Rxf5 30. Bd3 Rfh5 31. Rg1 Bxh4 32. Rxg7 Bg5+ 33.
Rxg5 Rxh2 34. Rg7 a6 35. a3 Rf2 36. Kb1 Rff8 37. b4 Rhg8 38. Rd7 Kc8 39. Rd4 c6
40. c4 Kc7 41. Kb2 Rd8 42. Rxd8 Kxd8 43. b5 axb5 44. cxb5 cxb5 45. Bxb5 Kc7 46.
Kb3 Kb6 47. Bc4 1-0

[Event "DEM U10 2016"]
[Site "Willingen GER"]
[Date "2016.05.16"]
[Round "4"]
[White "Lenz, Joshua"]
[Black "Richter, Gerrit"]
[Result "1-0"]
[Termination "normal"]
[Board "26"]
[WhiteElo "1086"]
[BlackElo "1561"]
[PlyCount "53"]
[WhiteFideId "16256956"]
[BlackFideId "12990825"]
[EventCountry "GER"]
[EventRounds "11"]
[EventType "swiss"]
[EventDate "2016.05.14"]

1. d4 Nf6 2. c4 g6 3. Nc3 Bg7 4. e4 d6 5. Nf3 O-O 6. Be2 Nc6 7. Bg5 e5 8. d5
Ne7 9. O-O Ne8 10. Qd2 f5 11. Bh6 Nf6 12. Bd3 f4 13. Bxg7 Kxg7 14. g3 g5 15.
Nxg5 Bg4 16. gxf4 Rg8 17. f5 Kf8 18. f3 Bh3 19. Rfe1 h6 20. Kf2 Rxg5 21. Rg1
Rxg1 22. Rxg1 h5 23. Qh6+ Kf7 24. Rg7+ Ke8 25. Qxf6 Kd7 26. Qe6+ Ke8 27. Rg8#
1-0

[Event "DEM U10 2016"]
[Site "Willingen GER"]
[Date "2016.05.16"]
[Round "4"]
[White "Poschadel, Andreas Gregor"]
[Black "Bakiyev, Diyar"]
[Result "0-1"]
[Termination "normal"]
[Board "27"]
[WhiteElo "1222"]
[BlackElo "1027"]
[PlyCount "142"]
[WhiteFideId "16204948"]
[BlackFideId "16230531"]
[EventCountry "GER"]
[EventRounds "11"]
[EventType "swiss"]
[EventDate "2016.05.14"]

1. e4 e5 2. Nf3 Nc6 3. Bc4 Nf6 4. d3 h6 5. O-O Bc5 6. Nc3 d6 7. Be3 Bb6 8. h3
Be6 9. Bb3 O-O 10. Qd2 Bxe3 11. fxe3 d5 12. exd5 Nxd5 13. Nxd5 Bxd5 14. e4 Bxb3
15. axb3 Nd4 16. Nxe5 Nxb3 17. cxb3 Qd4+ 18. Kh1 Qxe5 19. Rf5 Qe6 20. Qc3 c6
21. Raf1 b6 22. R1f3 c5 23. Rg3 g6 24. Rf6 Qe7 25. Rff3 Qd6 26. Qd2 h5 27. Qh6
Qe5 28. Rg5 Qxb2 29. Rxh5 Qg7 30. Qxg7+ Kxg7 31. Rg5 f6 32. Rgg3 b5 33. Rf1 a5
34. Ra1 Rf7 35. Rf3 a4 36. bxa4 Rxa4 37. Rxa4 bxa4 38. Rf1 Rd7 39. Ra1 Rd4 40.
Kg1 Kf7 41. Kf1 Ke6 42. Ke2 Kd6 43. Kd2 Ke6 44. Ke3 Ke5 45. g3 c4 46. Rxa4
Rxd3+ 47. Ke2 Rd4 48. g4 Kxe4 49. Rb4 c3 50. Rb1 Rd2+ 51. Ke1 Kd3 52. Rb8 Rh2
53. Rd8+ Kc2 54. g5 f5 55. Kf1 Rxh3 56. Kg2 Rd3 57. Ra8 Kd2 58. Ra2+ c2 59. Kf2
Kd1 60. Ra1+ c1=Q 61. Rxc1+ Kxc1 62. Ke2 Kc2 63. Kf2 Kc3 64. Ke2 Kd4 65. Kf2
Ke4 66. Ke2 f4 67. Kf2 Rd2+ 68. Kf1 Ke3 69. Kg1 Kf3 70. Kh1 Kg3 71. Kg1 Rd1#
0-1

[Event "DEM U10 2016"]
[Site "Willingen GER"]
[Date "2016.05.16"]
[Round "4"]
[White "Fuhrmann, Bahne"]
[Black "Wellßow, Keoki"]
[Result "1-0"]
[Termination "normal"]
[Board "28"]
[WhiteElo "1034"]
[BlackElo "975"]
[PlyCount "63"]
[WhiteFideId "16244842"]
[BlackFideId "16251075"]
[EventCountry "GER"]
[EventRounds "11"]
[EventType "swiss"]
[EventDate "2016.05.14"]

1. e4 e5 2. Nf3 Nc6 3. d4 exd4 4. Nxd4 Nf6 5. Nc3 Bb4 6. Nxc6 bxc6 7. Bd2 O-O
8. Qf3 d5 9. Bd3 Bxc3 10. Bxc3 dxe4 11. Bxf6 Qxf6 12. Qxf6 gxf6 13. Be2 Be6 14.
O-O Rab8 15. b3 Rbd8 16. Rad1 Kh8 17. Rfe1 Rg8 18. c4 Bh3 19. Rxd8 Rxd8 20.
gxh3 Rg8+ 21. Kf1 f5 22. Rd1 f4 23. Bg4 f5 24. Bxf5 e3 25. Rd7 Re8 26. fxe3
fxe3 27. Ke1 Re5 28. Rxh7+ Kg8 29. Rh5 Kg7 30. Bg4 Kf6 31. Rxe5 Kxe5 32. h4 1-0

[Event "DEM U10 2016"]
[Site "Willingen GER"]
[Date "2016.05.17"]
[Round "5"]
[White "Lutz, Adam"]
[Black "Rössel, Gino"]
[Result "1/2-1/2"]
[Termination "normal"]
[Board "1"]
[WhiteElo "1601"]
[BlackElo "1682"]
[WhiteClock "00:50:58"]
[BlackClock "00:19:31"]
[PlyCount "85"]
[WhiteFideId "16226615"]
[BlackFideId "16203070"]
[EventCountry "GER"]
[EventRounds "11"]
[EventType "swiss"]
[EventDate "2016.05.14"]

1. e4 e6 2. d4 d5 3. Nc3 Bb4 4. e5 c5 5. Bd2 Ne7 6. Nb5 Bxd2+ 7. Qxd2 O-O 8.
dxc5 Nbc6 9. f4 f6 10. exf6 Rxf6 11. Nf3 a6 12. Nbd4 Qc7 13. g3 Nxd4 14. Nxd4
Qxc5 15. Bd3 Bd7 16. Nf3 Bb5 17. Ne5 Bxd3 18. Qxd3 Rd8 19. Nf3 Ng6 20. c3 Re8
21. O-O-O b5 22. Rhe1 b4 23. Qd4 Qxd4 24. Nxd4 bxc3 25. bxc3 Kf7 26. Nf3 h6 27.
Kc2 Rc8 28. Rb1 Rc6 29. Rb7+ Kg8 30. Kb3 Rf7 31. Rb8+ Rf8 32. Rxf8+ Kxf8 33.
Kc2 Kf7 34. h4 Kf6 35. Kd3 h5 36. Ne5 Nxe5+ 37. Rxe5 g6 38. Re2 Kf5 39. Re5+
Kf6 40. Kd4 Rc4+ 41. Kd3 Rc6 42. Re3 Kf5 43. Re5+ 1/2-1/2

[Event "DEM U10 2016"]
[Site "Willingen GER"]
[Date "2016.05.17"]
[Round "5"]
[White "Tham, Nam"]
[Black "Prieb, Robert"]
[Result "1/2-1/2"]
[Termination "normal"]
[Board "2"]
[WhiteElo "1575"]
[BlackElo "1505"]
[WhiteClock "00:42:39"]
[BlackClock "00:04:06"]
[PlyCount "93"]
[WhiteFideId "12997331"]
[BlackFideId "16212002"]
[EventCountry "GER"]
[EventRounds "11"]
[EventType "swiss"]
[EventDate "2016.05.14"]

1. e4 c5 2. d4 cxd4 3. c3 dxc3 4. Nxc3 Nc6 5. Bc4 e6 6. Nf3 d6 7. O-O Nf6 8.
Qe2 Be7 9. Rd1 e5 10. h3 O-O 11. Bg5 Be6 12. Bb5 Qc7 13. Rac1 a6 14. Bd3 Qa5
15. Bd2 Qd8 16. Be3 Nb4 17. Bb1 Nd7 18. a3 Nc6 19. b4 Rc8 20. Qd3 Nf6 21. Nd5
Bxd5 22. exd5 e4 23. Qb3 exf3 24. dxc6 Rxc6 25. Rxc6 bxc6 26. gxf3 Qc7 27. Qa4
Qb7 28. Bd3 Ra8 29. Rc1 c5 30. bxc5 dxc5 31. Kg2 Qb6 32. Qc4 Qb5 33. Qxb5 axb5
34. Bxc5 Rc8 35. Be3 Rxc1 36. Bxc1 b4 37. axb4 Bxb4 38. Bb2 Nd5 39. Be5 Bc3 40.
Be4 Bxe5 41. Bxd5 g6 42. Kf1 Kg7 43. Kg2 f5 44. Bc6 h6 45. Bd7 Kf6 46. Be8 g5
47. Bh5 1/2-1/2

[Event "DEM U10 2016"]
[Site "Willingen GER"]
[Date "2016.05.17"]
[Round "5"]
[White "Fuchs, Florian"]
[Black "Phan Trong, Dai"]
[Result "1-0"]
[Termination "normal"]
[Board "3"]
[WhiteElo "1724"]
[BlackElo "1376"]
[WhiteClock "00:26:32"]
[BlackClock "01:01:09"]
[PlyCount "61"]
[WhiteFideId "16213351"]
[BlackFideId "16236939"]
[EventCountry "GER"]
[EventRounds "11"]
[EventType "swiss"]
[EventDate "2016.05.14"]

1. e4 e5 2. Nc3 Nc6 3. Nge2 Bc5 4. Na4 Bb6 5. Nxb6 axb6 6. d4 exd4 7. Nxd4 Qf6
8. c3 Nge7 9. Be2 O-O 10. O-O d6 11. Be3 Ne5 12. Nb5 c6 13. Nc7 Rb8 14. Bxb6
Bd7 15. f4 N5g6 16. Bd4 Qh4 17. g3 Qh3 18. f5 Nh8 19. Be3 Bxf5 20. exf5 Nxf5
21. Bf4 h5 22. Bxh5 Ne7 23. Bg4 Qh7 24. Qxd6 Nhg6 25. Rae1 Rbd8 26. Qc5 f5 27.
Bd1 Nc8 28. Ne6 Rd5 29. Nxf8 Rxc5 30. Nxh7 Kxh7 31. Re8 1-0

[Event "DEM U10 2016"]
[Site "Willingen GER"]
[Date "2016.05.17"]
[Round "5"]
[White "Hommer, Jeremy"]
[Black "Eilenberg, Jonas"]
[Result "1/2-1/2"]
[Termination "normal"]
[Board "4"]
[WhiteElo "1741"]
[BlackElo "1494"]
[WhiteClock "00:10:58"]
[BlackClock "00:11:48"]
[PlyCount "76"]
[WhiteFideId "12992577"]
[BlackFideId "16204271"]
[EventCountry "GER"]
[EventRounds "11"]
[EventType "swiss"]
[EventDate "2016.05.14"]

1. d4 d5 2. Bf4 c6 3. Nf3 Bf5 4. e3 Nf6 5. Nbd2 Nbd7 6. Be2 e6 7. Ne5 Nxe5 8.
Bxe5 Be7 9. c3 h6 10. h3 Bh7 11. g4 Bd6 12. Bxd6 Qxd6 13. Nf3 Be4 14. Rg1 Bxf3
15. Bxf3 Ne4 16. Qd3 Ng5 17. Bg2 a6 18. f4 Nh7 19. O-O-O O-O-O 20. Kb1 Nf6 21.
Rgf1 Kb8 22. e4 dxe4 23. Bxe4 Nxe4 24. Qxe4 Qd5 25. Qe5+ Qxe5 26. fxe5 Rhf8 27.
Rde1 Rde8 28. Re2 Kc7 29. Ref2 Re7 30. h4 Kd7 31. g5 h5 32. Kc2 Ke8 33. Kd3 Rd7
34. Kc4 b6 35. b4 Rc7 36. Kb3 Rd7 37. a4 Rc7 38. Rf4 b5 1/2-1/2